Vector Geometry & Elements of Calculus/ (Record no. 206774)
[ view plain ]
| 000 -LEADER | |
|---|---|
| fixed length control field | 00617nam a22001937a 4500 |
| 005 - DATE AND TIME OF LATEST TRANSACTION | |
| control field | 20241025155456.0 |
| 010 ## - LCCN (DPL NO) | |
| LC control number | ENG-142444 |
| 020 ## - INTERNATIONAL STANDARD BOOK NUMBER | |
| International Standard Book Number | 9789354498756 |
| Terms of availability | 499.00 |
| 035 ## - SYSTEM CONTROL NUMBER | |
| System control number | EN-125976 |
| 037 ## - SOURCE OF ACQUISITION | |
| Source of stock number/acquisition | DBAD |
| 082 ## - DEWEY DECIMAL CLASSIFICATION NUMBER | |
| Edition number | 1 |
| Classification number | 515.63 |
| 100 ## - MAIN ENTRY--PERSONAL NAME | |
| Personal name | Dey, Anindya |
| 245 ## - TITLE STATEMENT | |
| Title | Vector Geometry & Elements of Calculus/ |
| Statement of responsibility, etc | By Anindya Dey |
| 250 ## - EDITION STATEMENT | |
| Edition statement | 1 |
| 260 ## - PUBLICATION, DISTRIBUTION, ETC. (IMPRINT) | |
| Place of publication, distribution, etc | Noida |
| Name of publisher, distributor, etc | Pearson India Education |
| Date of publication, distribution, etc | 2024 |
| 270 ## - ADDRESS | |
| Address | 15th floor, Tower- B, World Trade Tower, plot No.1, Block -C, Sector-16, Noida, |
| City | Uttar Pradesh |
| Postal code | 201301 |
| 300 ## - PHYSICAL DESCRIPTION | |
| Extent | 709p.. |
| Dimensions | 23cm(pb) |
| 942 ## - ADDED ENTRY ELEMENTS (KOHA) | |
| Source of classification or shelving scheme | Dewey Decimal Classification |
| Item type | English Books |
| Classification part | 515.63 |
| Call number suffix | DEY |
| Edition | 1 |
| Withdrawn status | Lost status | Not for loan | Collection code | Home library | Current library | Date acquired | Source of acquisition | Cost, normal purchase price | Full call number | Barcode | Copy number | Cost, replacement price | Koha item type |
|---|---|---|---|---|---|---|---|---|---|---|---|---|---|
| Non-fiction | Bawana | Bawana | 25/10/2024 | Delivery of Books Act Division | 499.00 | 515.63 DEY | EN-125976 | 1 | 499.00 | English Books |
